زبيبة فى الشمس / (رقم التسجيلة. 96895)

تفاصيل مارك
000 -LEADER
fixed length control field 009530am a2200277 004500
003 - CONTROL NUMBER IDENTIFIER
control field EG-GiCUC
008 - FIXED-LENGTH DATA ELEMENTS--GENERAL INFORMATION
fixed length control field 070530s1982 ua g 000 0 ara d
017 ## - COPYRIGHT OR LEGAL DEPOSIT NUMBER
Copyright or legal deposit number 1982 / 4520
Assigning agency مصر.دار الكتب
020 ## - INTERNATIONAL STANDARD BOOK NUMBER
International Standard Book Number 9770201987
040 ## - CATALOGING SOURCE
Original cataloging agency EG-GiCUC
Language of cataloging ara
Transcribing agency EG-GiCUC
041 1# - LANGUAGE CODE
Language code of text/sound track or separate title ara
Language code of original eng
050 #4 - LIBRARY OF CONGRESS CALL NUMBER
Classification number PS3515A515.
Item number Z3 1982
092 04 - LOCALLY ASSIGNED DEWEY CALL NUMBER (OCLC)
Classification number 822
Item number H2492
Edition number 21
099 ## - LOCAL FREE-TEXT CALL NUMBER (OCLC)
Classification number 04
-- 822 H2492
100 1# - MAIN ENTRY--PERSONAL NAME
Personal name هانزبيرى : لورين :
Dates associated with a name 1930-1965
245 10 - TITLE STATEMENT
Title زبيبة فى الشمس /
Statement of responsibility, etc. تأليف لورين هانزبيرى ؛ ترجمة سميرة مصطفى
260 ## - PUBLICATION, DISTRIBUTION, ETC.
Place of publication, distribution, etc. القاهرة :
Name of publisher, distributor, etc. دارالمعارف :
Date of publication, distribution, etc. 1982
300 ## - PHYSICAL DESCRIPTION
Extent 128ص ؛
Dimensions 20سم
546 ## - LANGUAGE NOTE
Language note ترجمه لكتاب : A Raisin in the sun
650 #7 - SUBJECT ADDED ENTRY--TOPICAL TERM
Topical term or geographic name entry element المسرحيات الانجليزية
Source of heading or term qrmak
700 1# - ADDED ENTRY--PERSONAL NAME
Personal name مصطفى : سميرة :
Relator term
902 ## - LOCAL DATA ELEMENT B, LDB (RLIN)
No. of Items 2
905 ## - LOCAL DATA ELEMENT E, LDE (RLIN)
Cataloger الهام
Reviser مدخل
905 ## - LOCAL DATA ELEMENT E, LDE (RLIN)
Cataloger ايمان ع
Reviser مراجع
942 ## - ADDED ENTRY ELEMENTS (KOHA)
Source of classification or shelving scheme Dewey Decimal Classification
Koha item type Books
المقتنيات
Source of classification or shelving scheme Not for loan Home library Current library Date acquired Full call number Barcode Date last seen Copy number Koha item type
Dewey Decimal Classification   المكتبة المركزبة الجديدة - جامعة القاهرة قاعة الانسانيات - الدور الثاني 11.02.2024 822 H2492 01000100086164000 23.09.2023 C.1 Books
Dewey Decimal Classification   المكتبة المركزبة الجديدة - جامعة القاهرة قاعة الانسانيات - الدور الثاني 11.02.2024 822 H2492 01000100083242000 23.09.2023 C.2 Books
Cairo University Libraries Portal Implemented & Customized by: Eng. M. Mohamady Contacts: new-lib@cl.cu.edu.eg | cnul@cl.cu.edu.eg
CUCL logo CNUL logo
© All rights reserved — Cairo University Libraries
CUCL logo
Implemented & Customized by: Eng. M. Mohamady Contact: new-lib@cl.cu.edu.eg © All rights reserved — New Central Library
CNUL logo
Implemented & Customized by: Eng. M. Mohamady Contact: cnul@cl.cu.edu.eg © All rights reserved — Cairo National University Library